| 000 -ლიდერი |
| ფიქსირებული სიგრძის საკონტროლო ველი |
01799nam a22002537a 4500 |
| 003 - საკონტროლო ნომრის იდენტიფიკატორი |
| საკონტროლო ველი |
Ge_BSU |
| 005 - ბოლო ოპერაციის თარიღი და დრო |
| საკონტროლო ველი |
20221221132804.0 |
| 008 - ფიქსირებული სიგრძის მონაცემთა ელემენტები - ზოგადი ინფორმაცია |
| ფიქსირებული სიგრძის საკონტროლო ველი |
220215s2022ge xxu||||| |||| 00| 0 geo d |
| 041 ## - ენის კოდი |
| Language code of text/sound track or separate title |
geo |
| 080 ## - უნივერსალური ათობითი კლასიფიკაციის ინდექსი |
| Universal Decimal Classification number |
81 გ-69 |
| 100 ## - მთავარი ჩანაწერი - პიროვნების სახელი |
| Personal name |
გორგაძე,ლია |
| 9 (RLIN) |
13538 |
| 245 ## - ცნობა სათაურის შესახებ |
| Title |
არსებითი სახელი გამოყენებისათვის სხვადასხვა სტრუქტურის მქონე ენებში / |
| Statement of responsibility, etc |
ლია გორგაძე, სამეცნ.ხელმძღ. ლევან ხალვაში. |
| 264 ## - წარმოების, გამოცემის, დისტრიბუციის და სხვა ცნობები |
| გამოცემის, წარმოების, დისტრიბუციის... ადგილი |
ბათუმი, |
| გამოცემის, წარმოების, დისტრიბუციის... თარიღი |
2022. |
| 300 ## - ფიზიკური აღწერა |
| Extent |
124 გვ.: |
| Dimensions |
29 სმ. |
| 501 ## - შენიშვნა თანმხლებ მასალაზე |
| With note |
დანართი გვ:117-124 |
| 504 ## - BIBLIOGRAPHY, ETC. NOTE |
| Bibliography, etc |
ბიბლიოგრაფ გვ: 1014-116 |
| 653 ## - INDEX TERM--UNCONTROLLED |
| Uncontrolled term |
არსებითი სახელი გამოყენებისათვის სხვადასხვა სტრუქტურის მქონე ენებში |
| 653 ## - INDEX TERM--UNCONTROLLED |
| Uncontrolled term |
ენათმეცნიერება |
| 653 ## - INDEX TERM--UNCONTROLLED |
| Uncontrolled term |
ნაშრომი წარმოდგენილია ფილილოფიის დოქტორის აკადემიური ხარისხის მოსაპოვებლად |
| 700 ## - ADDED ENTRY--PERSONAL NAME |
| Personal name |
ხალვაში ლევან |
| Relator term |
სამეცნიერო ხელმძღვანელი |
| 9 (RLIN) |
10149 |
| 710 ## - ADDED ENTRY--CORPORATE NAME |
| Corporate name or jurisdiction name as entry element |
ბათუმის შოთა რუსთაველის სახელმწიფო უნივერსიტეტი |
| 9 (RLIN) |
13539 |
| 710 ## - ADDED ENTRY--CORPORATE NAME |
| Corporate name or jurisdiction name as entry element |
ჰუმანიტარულ მეცნიერებათა ფაკულტეტი ქართული ფილოლოგიის დეპარტამენტი |
| 9 (RLIN) |
13540 |
| 942 ## - ADDED ENTRY ELEMENTS (KOHA) |
| Source of classification or shelving scheme |
|
| Koha item type |
დისერტაცია |